Commander Toad and the intergalactic spy / (Record no. 266225)
[ view plain ]
| 000 -LEADER | |
|---|---|
| fixed length control field | 01222pam a2200373 a 4500 |
| 001 - CONTROL NUMBER | |
| control field | 497480 |
| 003 - CONTROL NUMBER IDENTIFIER | |
| control field | OSt |
| 005 - DATE AND TIME OF LATEST TRANSACTION | |
| control field | 20260422082703.0 |
| 008 - FIXED-LENGTH DATA ELEMENTS--GENERAL INFORMATION | |
| fixed length control field | 850426s1986 nyua j 000 1 eng |
| 010 ## - LIBRARY OF CONGRESS CONTROL NUMBER | |
| LC control number | 85011018 |
| 020 ## - INTERNATIONAL STANDARD BOOK NUMBER | |
| International Standard Book Number | 069830747X : |
| Terms of availability | $7.99 |
| International Standard Book Number | 0698206231 (pbk.) : |
| Terms of availability | $4.95 |
| International Standard Book Number | 9780698206236 |
| 035 ## - SYSTEM CONTROL NUMBER | |
| System control number | 497480 |
| 040 ## - CATALOGING SOURCE | |
| Original cataloging agency | DLC |
| Transcribing agency | DLC |
| Modifying agency | DLC |
| 042 ## - AUTHENTICATION CODE | |
| Authentication code | lcac |
| 050 00 - LIBRARY OF CONGRESS CALL NUMBER | |
| Classification number | PZ7.Y78 |
| Item number | Cmi 1986 |
| 082 00 - DEWEY DECIMAL CLASSIFICATION NUMBER | |
| Classification number | [E] |
| Edition number | 19 |
| 100 1# - MAIN ENTRY--PERSONAL NAME | |
| Personal name | Yolen, Jane. |
| 245 10 - TITLE STATEMENT | |
| Title | Commander Toad and the intergalactic spy / |
| Statement of responsibility, etc | by Jane Yolen ; pictures by Bruce Degen. |
| 260 ## - PUBLICATION, DISTRIBUTION, ETC. (IMPRINT) | |
| Place of publication, distribution, etc | New York : |
| Name of publisher, distributor, etc | Coward-McCann, |
| Date of publication, distribution, etc | c1986. |
| 300 ## - PHYSICAL DESCRIPTION | |
| Extent | 64 p. : |
| Other physical details | illus. (some col.) ; |
| Dimensions | 23 cm. |
| 336 ## - CONTENT TYPE | |
| Content type term | text |
| Content type code | txt |
| Source | rdacontent |
| 337 ## - MEDIA TYPE | |
| Media type term | unmediated |
| Media type code | n |
| Source | rdamedia |
| 338 ## - CARRIER TYPE | |
| Carrier type term | volume |
| Carrier type code | nc |
| Source | rdacarrier |
| 490 0# - SERIES STATEMENT | |
| Series statement | A Break-of-day book |
| 520 ## - SUMMARY, ETC. | |
| Summary, etc | Commander Toad and the crew of Star Warts are asked to rout out Tip Toad, Space Fleet's greatest and most elusive spy. |
| 650 #1 - SUBJECT ADDED ENTRY--TOPICAL TERM | |
| Topical term or geographic name as entry element | Toads |
| General subdivision | Fiction. |
| Topical term or geographic name as entry element | Science fiction. |
| 700 1# - ADDED ENTRY--PERSONAL NAME | |
| Personal name | Degen, Bruce, |
| Relator term | ill. |
| 906 ## - LOCAL DATA ELEMENT F, LDF (RLIN) | |
| a | 7 |
| b | cbc |
| c | orignew |
| d | 1 |
| e | ocip |
| f | 19 |
| g | y-gencatlg |
| 942 ## - ADDED ENTRY ELEMENTS (KOHA) | |
| Source of classification or shelving scheme | Library of Congress Classification |
| Koha item type | Long Loan Books |
| Withdrawn status | Lost status | Source of classification or shelving scheme | Damaged status | Not for loan | Collection code | Home library | Current library | Shelving location | Date acquired | Total Checkouts | Full call number | Barcode | Date last seen | Price effective from | Koha item type |
|---|---|---|---|---|---|---|---|---|---|---|---|---|---|---|---|
| Library of Congress Classification | Fiction | Rongo University Library | Rongo University Library | Children's Area | 22/04/2026 | PZ7.Y78 Cmi 1986 | CL20250252 | 22/04/2026 | 22/04/2026 | Long Loan Books |
